[Event "St Petersburg Blechzin Memorial"]
[Site "St Petersburg"]
[Date "2021.04.14"]
[Round "8"]
[White "Romanov, Evgeny"]
[Black "Gorovykh, Eduard"]
[Result "1/2-1/2"]
[WhiteElo "2599"]
[BlackElo "2488"]
[PlyCount "39"]
[EventDate "2021.04.13"]
[EventType "tourn (rapid)"]
[EventRounds "9"]
[EventCountry "RUS"]
[EventCategory "13"]
[SourceTitle "CBM 201 Extra"]
[Source "ChessBase"]
[SourceDate "2021.05.31"]
[SourceVersion "1"]
[SourceVersionDate "2021.05.31"]
[SourceQuality "1"]

1. e4 e6 2. d4 d5 3. e5 c5 4. c3 Qb6 5. Nf3 Bd7 6. Bd3 cxd4 7. 0-0 Bb5 8. Bxb5+ Qxb5 9. cxd4 Ne7 10. Nc3 Qb6 11. Na4 Qb5 12. Bd2 Nbc6 13. Nc5 Nf5 14. a4 Qb6 15. a5 Qb5 16. a6 Bxc5 17. axb7 Rb8 18. dxc5 Rxb7 19. b4 0-0 20. Ra4 1/2-1/2

[Event "Chigorin Memorial rap 20th"]
[Site "St Petersburg"]
[Date "2012.10.25"]
[Round "2"]
[White "Negi, Parimarjan"]
[Black "Gorovykh, Eduard"]
[Result "1-0"]
[WhiteElo "2657"]
[BlackElo "2488"]
[PlyCount "69"]
[EventDate "2012.10.25"]
[EventType "swiss (rapid)"]
[EventRounds "9"]
[EventCountry "RUS"]
[SourceTitle "EXT 2013"]
[Source "ChessBase"]
[SourceDate "2012.11.22"]
[SourceVersion "1"]
[SourceVersionDate "2012.11.22"]
[SourceQuality "1"]

1. e4 e6 2. d4 d5 3. e5 c5 4. c3 Bd7 5. Nf3 Qb6 6. Be2 cxd4 7. cxd4 Bb5 8. 0-0 Bxe2 9. Qxe2 Ne7 10. Nc3 Nbc6 11. Qc2 Rc8 12. Be3 Nb4 13. Qa4+ Nbc6 14. Qc2 Nb4 15. Qd2 Nf5 16. a3 Nc6 17. b4 Be7 18. Qd3 Qd8 19. Bd2 0-0 20. Rac1 f6 21. b5 Na5 22. exf6 Bxf6 23. Ne2 Nc4 24. Bb4 Be7 25. Nf4 Bxb4 26. axb4 Qd6 27. g3 Rce8 28. Rfe1 g6 29. Ne5 Nxe5 30. Rxe5 Re7 31. Rce1 Rfe8 32. Qc3 Qb6 33. Kg2 Kf7 34. h4 Qxd4 35. Rxf5+ 1-0

[Event "Chigorin Memorial 18th"]
[Site "St Petersburg"]
[Date "2010.10.31"]
[Round "4"]
[White "Kurukin, Dmitry"]
[Black "Gorovykh, Eduard"]
[Result "1/2-1/2"]
[WhiteElo "2277"]
[BlackElo "2447"]
[PlyCount "70"]
[EventDate "2010.10.28"]
[EventType "swiss"]
[EventRounds "9"]
[EventCountry "RUS"]
[SourceTitle "EXT 2011"]
[Source "ChessBase"]
[SourceDate "2010.11.26"]
[SourceVersion "1"]
[SourceVersionDate "2010.11.26"]
[SourceQuality "1"]

1. d4 Nf6 2. c4 g6 3. Nc3 Bg7 4. e4 d6 5. Nf3 0-0 6. h3 e5 7. d5 Nh5 8. Nd2 Qe8 9. g3 f5 10. Be2 Nf6 11. g4 Na6 12. f3 Bh6 13. Nb3 Bf4 14. Bxf4 exf4 15. exf5 gxf5 16. Nd4 c5 17. dxc6 bxc6 18. Qd2 c5 19. Ndb5 Qe3 20. 0-0-0 Nb4 21. Qxe3 fxe3 22. a3 a6 23. Nxd6 Nc6 24. gxf5 a5 25. Rhg1+ Kh8 26. Ncb5 Nh5 27. Nc7 Ra7 28. Ndb5 Nf4 29. Bd3 Ne5 30. Nxa7 Nexd3+ 31. Rxd3 Nxd3+ 32. Kd1 Bxf5 33. Nc6 Nxb2+ 34. Ke2 Nxc4 35. Rc1 Rc8 1/2-1/2

[Event "RUS-ch Higher League 63rd"]
[Site "Irkutsk"]
[Date "2010.08.27"]
[Round "2"]
[White "Gabrielian, Artur"]
[Black "Gorovykh, Eduard"]
[Result "1/2-1/2"]
[WhiteElo "2559"]
[BlackElo "2447"]
[PlyCount "58"]
[EventDate "2010.08.20"]
[EventType "swiss"]
[EventRounds "10"]
[EventCountry "RUS"]
[SourceTitle "CBM 138"]
[Source "ChessBase"]
[SourceDate "2010.09.17"]
[SourceVersion "1"]
[SourceVersionDate "2010.09.17"]
[SourceQuality "1"]

1. e4 e6 2. d4 d5 3. Nc3 Bb4 4. e5 c5 5. a3 Ba5 6. b4 cxd4 7. Nb5 Bc7 8. f4 Bd7 9. Nxc7+ Qxc7 10. Nf3 Ne7 11. Bd3 a6 12. a4 Nf5 13. Bxf5 exf5 14. Qxd4 0-0 15. Bb2 Qxc2 16. e6 Qe4+ 17. Kf1 Qxd4 18. exf7+ Rxf7 19. Nxd4 Nc6 20. Nxc6 Bxc6 21. Kf2 Rc7 22. Be5 Rcc8 23. Rhc1 Kf7 24. Ke3 g6 25. Kd4 Ke6 26. Ke3 Kf7 27. Kd4 Ke6 28. Ke3 Kf7 29. Kd4 Ke6 1/2-1/2

[Event "RUS-ch Higher League 63rd"]
[Site "Irkutsk"]
[Date "2010.08.26"]
[Round "1"]
[White "Gorovykh, Eduard"]
[Black "Kryakvin, Dmitry"]
[Result "0-1"]
[WhiteElo "2447"]
[BlackElo "2603"]
[PlyCount "70"]
[EventDate "2010.08.20"]
[EventType "swiss"]
[EventRounds "10"]
[EventCountry "RUS"]
[SourceTitle "CBM 138"]
[Source "ChessBase"]
[SourceDate "2010.09.17"]
[SourceVersion "1"]
[SourceVersionDate "2010.09.17"]
[SourceQuality "1"]

1. c4 c5 2. Nc3 Nf6 3. e4 Nc6 4. g3 d6 5. Bg2 g6 6. Nge2 Bg7 7. 0-0 0-0 8. d3 a6 9. Rb1 Ne8 10. Be3 Nd4 11. b4 Nc7 12. Qd2 Rb8 13. f4 Bg4 14. h3 Bxe2 15. Nxe2 Nxe2+ 16. Qxe2 Ne6 17. f5 Nd4 18. Qd2 b5 19. h4 bxc4 20. dxc4 Qd7 21. h5 Qa4 22. Bg5 Qd7 23. Kh2 Be5 24. Bh6 gxf5 25. exf5 Kh8 26. Bh3 Rg8 27. Bf4 f6 28. a3 Qa4 29. Qd3 cxb4 30. Bxe5 dxe5 31. axb4 Rxb4 32. Rxb4 Qxb4 33. Rb1 Qd6 34. Qe4 Qa3 35. g4 Nf3+ 0-1

[Event "St Petersburg-ch 83rd"]
[Site "St Petersburg"]
[Date "2010.05.25"]
[Round "9"]
[White "Ionov, Sergey"]
[Black "Gorovykh, Eduard"]
[Result "1/2-1/2"]
[WhiteElo "2542"]
[BlackElo "2430"]
[PlyCount "27"]
[EventDate "2010.05.16"]
[EventType "tourn"]
[EventRounds "11"]
[EventCountry "RUS"]
[EventCategory "12"]
[SourceTitle "CBM 137"]
[Source "ChessBase"]
[SourceDate "2010.07.15"]
[SourceVersion "1"]
[SourceVersionDate "2010.07.15"]
[SourceQuality "1"]

1. d4 Nf6 2. Nf3 g6 3. Bg5 Bg7 4. Nbd2 c5 5. Bxf6 Bxf6 6. Ne4 Bxd4 7. Nxd4 cxd4 8. Qxd4 0-0 9. c4 Nc6 10. Qd2 d6 11. Nc3 Be6 12. e3 Rc8 13. b3 Qa5 14. Be2 1/2-1/2

[Event "St Petersburg-ch 83rd"]
[Site "St Petersburg"]
[Date "2010.05.19"]
[Round "4"]
[White "Gorovykh, Eduard"]
[Black "Popov, Valerij"]
[Result "1-0"]
[WhiteElo "2430"]
[BlackElo "2592"]
[PlyCount "109"]
[EventDate "2010.05.16"]
[EventType "tourn"]
[EventRounds "11"]
[EventCountry "RUS"]
[EventCategory "12"]
[SourceTitle "CBM 137"]
[Source "ChessBase"]
[SourceDate "2010.07.15"]
[SourceVersion "1"]
[SourceVersionDate "2010.07.15"]
[SourceQuality "1"]

1. c4 e5 2. g3 Nc6 3. Bg2 g6 4. Nc3 Bg7 5. Nf3 f5 6. d3 d6 7. 0-0 Nge7 8. Rb1 0-0 9. Bd2 h6 10. b4 a6 11. a4 a5 12. b5 Nb4 13. Qc1 Kh7 14. Nd1 c5 15. bxc6 bxc6 16. c5 d5 17. Qa3 Be6 18. Bxb4 axb4 19. Rxb4 d4 20. e4 f4 21. Nb2 g5 22. Nd2 g4 23. f3 h5 24. Nbc4 Ng6 25. Rb7 Qg5 26. Qc1 Rxa4 27. Nd6 Ra2 28. Nf5 Rf7 29. Rxf7 Bxf7 30. Nc4 Qd8 31. Qb1 Qa8 32. Ncd6 Be6 33. fxg4 hxg4 34. Qd1 f3 35. Bxf3 Qa3 36. Be2 Bb3 37. Qe1 Qb2 38. Kf2 Bf6 39. h3 Qc2 40. hxg4 Bg5 41. Kf3 Kg8 42. Rh1 Be6 43. Rh5 Bc1 44. Rh2 Ra3 45. Qf1 Bg5 46. Rh5 Bc1 47. Rh2 Bg5 48. Rh5 Bc1 49. Rh1 Rc3 50. Qh3 Rxd3+ 51. Kf2 Be3+ 52. Nxe3 dxe3+ 53. Kf3 Rxd6 54. cxd6 Kf7 55. d7 1-0

[Event "RUS-chT2 17th"]
[Site "Dagomys"]
[Date "2010.04.06"]
[Round "5"]
[White "Ovod, Evgenija"]
[Black "Gorovykh, Eduard"]
[Result "1/2-1/2"]
[WhiteElo "2421"]
[BlackElo "2446"]
[PlyCount "28"]
[EventDate "2010.04.01"]
[EventType "team-tourn"]
[EventRounds "7"]
[EventCountry "RUS"]
[SourceTitle "CBM 135 Extra"]
[Source "ChessBase"]
[SourceDate "2010.05.04"]
[SourceVersion "1"]
[SourceVersionDate "2010.05.04"]
[SourceQuality "1"]

1. d4 Nf6 2. c4 g6 3. Nc3 Bg7 4. e4 d6 5. Nf3 0-0 6. Be2 Nbd7 7. 0-0 e5 8. Be3 Re8 9. d5 Nh5 10. g3 Bf8 11. Ne1 Ng7 12. Nd3 Be7 13. Qd2 f5 14. f4 Bf6 1/2-1/2

[Event "RUS-chT2 17th"]
[Site "Dagomys"]
[Date "2010.04.05"]
[Round "4"]
[White "Gorovykh, Eduard"]
[Black "Geller, Jakov"]
[Result "1/2-1/2"]
[WhiteElo "2446"]
[BlackElo "2534"]
[PlyCount "81"]
[EventDate "2010.04.01"]
[EventType "team-tourn"]
[EventRounds "7"]
[EventCountry "RUS"]
[SourceTitle "CBM 135 Extra"]
[Source "ChessBase"]
[SourceDate "2010.05.04"]
[SourceVersion "1"]
[SourceVersionDate "2010.05.04"]
[SourceQuality "1"]

1. e4 c5 2. Nf3 e6 3. d4 cxd4 4. Nxd4 Nc6 5. Nc3 Qc7 6. Be3 a6 7. Qd2 Nf6 8. 0-0-0 Be7 9. f4 b5 10. e5 b4 11. exf6 bxc3 12. Qxc3 Bxf6 13. g4 h6 14. h4 Bb7 15. Rh2 Rc8 16. Qd2 g5 17. fxg5 hxg5 18. Rf2 Bxd4 19. Bxd4 Nxd4 20. Qxd4 e5 21. Re1 d6 22. hxg5 Rh1 23. Qd2 Qc5 24. g6 fxg6 25. Bd3 Rxe1+ 26. Qxe1 g5 27. Qf1 Rc7 28. Rf8+ Kd7 29. Qf5+ Kc6 30. Qxg5 Kb6 31. Rf1 Qd4 32. Bf5 e4 33. Qd2 Qc5 34. Rd1 d5 35. Qd4 Qxd4 36. Rxd4 Kc5 37. c3 Bc8 38. b4+ Kd6 39. Bxe4 Ke5 40. Bc2 Rxc3 41. Rd3 1/2-1/2

[Event "RUS-chT2 17th"]
[Site "Dagomys"]
[Date "2010.04.03"]
[Round "2"]
[White "Gorovykh, Eduard"]
[Black "Gritsenko, Andrey"]
[Result "0-1"]
[WhiteElo "2446"]
[BlackElo "2388"]
[PlyCount "64"]
[EventDate "2010.04.01"]
[EventType "team-tourn"]
[EventRounds "7"]
[EventCountry "RUS"]
[SourceTitle "CBM 135 Extra"]
[Source "ChessBase"]
[SourceDate "2010.05.04"]
[SourceVersion "1"]
[SourceVersionDate "2010.05.04"]
[SourceQuality "1"]

1. e4 c5 2. Nf3 d6 3. d4 cxd4 4. Nxd4 Nf6 5. Nc3 a6 6. Bg5 e6 7. f4 Be7 8. Qf3 0-0 9. 0-0-0 Qc7 10. g4 Nc6 11. Nxc6 bxc6 12. h4 Rb8 13. Kb1 Qb6 14. b3 Qb4 15. e5 dxe5 16. fxe5 Nd5 17. Bd2 Qd4 18. Be1 Qb6 19. Ne4 f5 20. exf6 Bxf6 21. Nxf6+ Rxf6 22. Qe2 e5 23. g5 Rf8 24. Bd2 Bf5 25. Bh3 Bxh3 26. Rxh3 Rbe8 27. Qe4 Qd4 28. Qe1 Qg4 29. Rh2 e4 30. c4 e3 31. Ba5 e2 32. Rc1 Qe4+ 0-1

[Event "Peterhof"]
[Site "Peterhof"]
[Date "2010.01.07"]
[Round "2"]
[White "Savchenko, Stanislav"]
[Black "Gorovykh, Eduard"]
[Result "1/2-1/2"]
[WhiteElo "2526"]
[BlackElo "2410"]
[PlyCount "36"]
[EventDate "2010.01.06"]
[EventType "tourn"]
[EventRounds "9"]
[EventCountry "RUS"]
[EventCategory "6"]
[SourceTitle "CBM 134 Extra"]
[Source "ChessBase"]
[SourceDate "2010.03.03"]
[SourceVersion "1"]
[SourceVersionDate "2010.03.03"]
[SourceQuality "1"]

1. d4 Nf6 2. c4 e6 3. Nf3 d5 4. Nc3 Be7 5. Bg5 h6 6. Bh4 0-0 7. e3 Ne4 8. Bxe7 Qxe7 9. Rc1 c6 10. Bd3 Nxc3 11. Rxc3 Nd7 12. 0-0 dxc4 13. Bxc4 e5 14. Nxe5 Nxe5 15. dxe5 Qxe5 16. Qe2 Be6 17. Bxe6 Qxe6 18. a3 Rfd8 1/2-1/2

[Event "Rilton Cup 39th"]
[Site "Stockholm"]
[Date "2010.01.05"]
[Round "9"]
[White "Gorovykh, Eduard"]
[Black "Miezis, Normunds"]
[Result "1-0"]
[WhiteElo "2410"]
[BlackElo "2530"]
[PlyCount "91"]
[EventDate "2009.12.27"]
[EventType "swiss"]
[EventRounds "9"]
[EventCountry "SWE"]
[SourceTitle "CBM 134 Extra"]
[Source "ChessBase"]
[SourceDate "2010.03.03"]
[SourceVersion "1"]
[SourceVersionDate "2010.03.03"]
[SourceQuality "1"]

1. e4 c5 2. Nf3 e6 3. d4 cxd4 4. Nxd4 a6 5. Nc3 Qc7 6. Qf3 Nf6 7. Bg5 Qe5 8. Be3 d5 9. exd5 exd5 10. h3 Bb4 11. 0-0-0 Bxc3 12. bxc3 0-0 13. Bd3 Re8 14. Rhe1 Ne4 15. Bf4 Qe7 16. Kb2 Bd7 17. Qh5 Be6 18. Nxe6 fxe6 19. Bxe4 dxe4 20. Rxe4 Nc6 21. Qg5 Qf7 22. Rd3 Rac8 23. Be5 b5 24. Rf4 Qb7 25. Rg3 Nxe5 26. Qxe5 Rc4 27. Rfg4 Rxg4 28. Rxg4 h6 29. Qh5 Qf7 30. Qxh6 a5 31. Qg6 Qe7 32. Rh4 Qxh4 33. Qxe8+ Kh7 34. Qxe6 Qxf2 35. g4 g6 36. Qd7+ Kh6 37. Qxb5 Qf3 38. Qe5 Qb7+ 39. Ka3 Qb1 40. g5+ Kh7 41. Qxa5 Qxc2 42. h4 Qc1+ 43. Kb4 Qf4+ 44. Kb3 Qxh4 45. Qc7+ Kg8 46. Qc4+ 1-0

[Event "Rilton Cup 39th"]
[Site "Stockholm"]
[Date "2010.01.03"]
[Round "7"]
[White "Gorovykh, Eduard"]
[Black "Akesson, Ralf"]
[Result "1-0"]
[WhiteElo "2410"]
[BlackElo "2454"]
[PlyCount "85"]
[EventDate "2009.12.27"]
[EventType "swiss"]
[EventRounds "9"]
[EventCountry "SWE"]
[SourceTitle "CBM 134 Extra"]
[Source "ChessBase"]
[SourceDate "2010.03.03"]
[SourceVersion "1"]
[SourceVersionDate "2010.03.03"]
[SourceQuality "1"]

1. e4 c6 2. d4 d5 3. f3 e6 4. Nc3 b6 5. Bf4 Nf6 6. Nh3 Be7 7. Qd2 Ba6 8. 0-0-0 Bxf1 9. Rhxf1 b5 10. Qd3 a5 11. Kb1 a4 12. g4 Nfd7 13. exd5 cxd5 14. Nxb5 0-0 15. c4 dxc4 16. Qxc4 Nb6 17. Qd3 Nd5 18. Nc3 Nc6 19. Nxd5 Qxd5 20. Qe4 Qb5 21. Qd3 Qb6 22. Ng1 Nb4 23. Qd2 e5 24. Bxe5 Qg6+ 25. Ka1 Nc2+ 26. Kb1 Nb4+ 27. Ka1 Qe6 28. d5 Qxe5 29. a3 Na6 30. d6 Nc5 31. Qd5 Nb3+ 32. Ka2 Bf6 33. Qxe5 Bxe5 34. f4 Bf6 35. g5 Bd8 36. Ne2 Ba5 37. f5 Rfd8 38. Rd5 Nd2 39. Rc1 Ne4 40. d7 Nxg5 41. Nd4 Rf8 42. Rc8 Bb6 43. Nc6 1-0

[Event "Rilton Cup 39th"]
[Site "Stockholm"]
[Date "2009.12.31"]
[Round "5"]
[White "Gorovykh, Eduard"]
[Black "Agrest, Inna"]
[Result "1-0"]
[WhiteElo "2410"]
[BlackElo "2180"]
[PlyCount "115"]
[EventDate "2009.12.27"]
[EventType "swiss"]
[EventRounds "9"]
[EventCountry "SWE"]
[SourceTitle "CBM 134 Extra"]
[Source "ChessBase"]
[SourceDate "2010.03.03"]
[SourceVersion "1"]
[SourceVersionDate "2010.03.03"]
[SourceQuality "1"]

1. e4 e5 2. Nf3 Nc6 3. d4 exd4 4. Nxd4 Bc5 5. Nxc6 Qf6 6. Qd2 dxc6 7. Nc3 Be6 8. Na4 Be7 9. Qe3 b6 10. Bd3 Rd8 11. 0-0 Qd4 12. Qxd4 Rxd4 13. Nc3 Nf6 14. Be3 Rd8 15. h3 Nd7 16. f4 Nc5 17. Be2 f6 18. Rad1 0-0 19. g4 a5 20. Kg2 b5 21. Bf3 Bc4 22. Rfe1 b4 23. Rxd8 Rxd8 24. Ne2 Ne6 25. b3 Bb5 26. Kf2 c5 27. c4 Be8 28. a4 Nd4 29. Nxd4 cxd4 30. Bd2 Bc5 31. e5 c6 32. f5 d3+ 33. Kf1 Bd4 34. e6 g5 35. Rd1 Kf8 36. Be4 c5 37. Be1 Ke7 38. Bg3 Bc3 39. Rxd3 Rxd3 40. Bxd3 Bc6 41. Bc7 Bf3 42. Bc2 Bd4 43. Bxa5 h5 44. gxh5 Bxh5 45. Bc7 Bf3 46. a5 Bb7 47. Bd3 Be3 48. Bg3 Bc6 49. Bf2 Bxf2 50. Kxf2 Kd6 51. Ke3 Kc7 52. Be4 Be8 53. Bf3 Kb8 54. a6 Ka7 55. Bb7 Kb6 56. Bc8 Bh5 57. Ke4 Ka7 58. Kd5 1-0

[Event "Rilton Cup 39th"]
[Site "Stockholm"]
[Date "2009.12.28"]
[Round "2"]
[White "Grochowalski, Pawel"]
[Black "Gorovykh, Eduard"]
[Result "0-1"]
[WhiteElo "2072"]
[BlackElo "2410"]
[PlyCount "66"]
[EventDate "2009.12.27"]
[EventType "swiss"]
[EventRounds "9"]
[EventCountry "SWE"]
[SourceTitle "CBM 134 Extra"]
[Source "ChessBase"]
[SourceDate "2010.03.03"]
[SourceVersion "1"]
[SourceVersionDate "2010.03.03"]
[SourceQuality "1"]

1. d4 Nf6 2. c4 g6 3. Nc3 Bg7 4. e4 d6 5. Be2 0-0 6. Nf3 Nbd7 7. 0-0 e5 8. d5 Nh5 9. Re1 Bf6 10. Bf1 Be7 11. Rb1 Ng7 12. Re2 f5 13. Ne1 Nf6 14. h3 f4 15. f3 g5 16. Rf2 Rf7 17. b4 Ngh5 18. Ba3 Ng3 19. Qd3 h5 20. Ne2 Nxe2+ 21. Bxe2 Rg7 22. c5 g4 23. hxg4 hxg4 24. fxg4 Nxg4 25. Bxg4 Bxg4 26. Nf3 Bh4 27. Rc2 Bg3 28. Rbc1 Rh7 29. b5 Qf6 30. cxd6 Qh6 31. Kf1 cxd6 32. Rc7 Qh1+ 33. Ng1 Bh2 0-1

[Event "Chigorin Memorial 17th"]
[Site "St Petersburg"]
[Date "2009.10.21"]
[Round "6"]
[White "Gorovykh, Eduard"]
[Black "Ivanov, Rostislav"]
[Result "1-0"]
[WhiteElo "2403"]
[BlackElo "2287"]
[PlyCount "95"]
[EventDate "2009.10.16"]
[EventType "swiss"]
[EventRounds "9"]
[EventCountry "RUS"]
[SourceTitle "CBM 132 Extra"]
[Source "ChessBase"]
[SourceDate "2009.11.03"]
[SourceVersion "1"]
[SourceVersionDate "2009.11.03"]
[SourceQuality "1"]

1. e4 c5 2. Nf3 d6 3. d4 cxd4 4. Nxd4 Nf6 5. Nc3 a6 6. Bg5 e6 7. f4 Be7 8. Qf3 0-0 9. 0-0-0 Nbd7 10. g4 Qc7 11. Bh4 b5 12. g5 Ne8 13. Bh3 b4 14. Nce2 Bb7 15. Ng3 g6 16. Qg4 Ng7 17. Rhe1 Rfe8 18. f5 Ne5 19. Qf4 exf5 20. exf5 Bf8 21. f6 Ne6 22. Bxe6 fxe6 23. Ne4 Nf7 24. Qd2 e5 25. Nb3 a5 26. Kb1 a4 27. Nc1 a3 28. b3 d5 29. Nf2 e4 30. Ng4 Rac8 31. Ne2 Bc5 32. Bg3 Qc6 33. h4 d4 34. Nf4 e3 35. Qh2 Ba6 36. h5 e2 37. Rc1 d3 38. hxg6 hxg6 39. Rh1 Qxh1 40. Rxh1 dxc2+ 41. Kc1 e1Q+ 42. Bxe1 Rxe1+ 43. Rxe1 Bd4 44. Qxc2 Rxc2+ 45. Kxc2 Nxg5 46. Re8+ Kf7 47. Re7+ Kf8 48. Nxg6+ 1-0

[Event "St Petersburg-ch"]
[Site "St Petersburg"]
[Date "2009.05.14"]
[Round "7"]
[White "Gorovykh, Eduard"]
[Black "Matlakov, Maxim"]
[Result "0-1"]
[WhiteElo "2404"]
[BlackElo "2533"]
[PlyCount "134"]
[EventDate "2009.05.08"]
[EventType "tourn"]
[EventRounds "11"]
[EventCountry "RUS"]
[EventCategory "11"]
[SourceTitle "CBM 130 Extra"]
[Source "ChessBase"]
[SourceDate "2009.07.02"]
[SourceVersion "2"]
[SourceVersionDate "2009.07.15"]
[SourceQuality "1"]

1. e4 e5 2. Nf3 Nc6 3. Bb5 a6 4. Ba4 Nf6 5. 0-0 Be7 6. Re1 b5 7. Bb3 d6 8. a4 Bg4 9. c3 0-0 10. d3 b4 11. Nbd2 Rb8 12. Bc4 Qc8 13. a5 Be6 14. Bxe6 fxe6 15. d4 bxc3 16. bxc3 exd4 17. cxd4 Rb5 18. Nc4 d5 19. exd5 exd5 20. Ba3 dxc4 21. Bxe7 Nxe7 22. Rxe7 Nd5 23. Re5 c6 24. Nd2 c3 25. Nc4 Qd8 26. Rc1 Qf6 27. f3 Qf4 28. Re4 Qh6 29. Qe1 Rb4 30. Ne3 Rb2 31. Nxd5 cxd5 32. Qxc3 Rxg2+ 33. Kxg2 dxe4 34. fxe4 Qg6+ 35. Kh1 Qxe4+ 36. Kg1 h6 37. Re1 Qd5 38. Qc5 Qf3 39. Qc4+ Kh8 40. Qe2 Qc3 41. Qe5 Rd8 42. Re3 Qc6 43. Re1 Rf8 44. Qe3 Qg6+ 45. Kh1 Qh5 46. Qe5 Qf3+ 47. Kg1 h5 48. Qe2 Qf5 49. Rf1 Qg5+ 50. Qg2 Qe3+ 51. Kh1 Rxf1+ 52. Qxf1 Qe4+ 53. Qg2 Qe1+ 54. Qg1 Qxa5 55. Qe3 Qd5+ 56. Kg1 a5 57. Kf2 Kh7 58. Qd3+ g6 59. Qc3 Kg7 60. Ke3 a4 61. Qc7+ Kf6 62. Qf4+ Qf5 63. Qb8 a3 64. h4 Qe6+ 65. Kd3 a2 66. Qf8+ Qf7 67. Qh8+ Kf5 0-1

[Event "St Petersburg-ch"]
[Site "St Petersburg"]
[Date "2009.05.12"]
[Round "5"]
[White "Gorovykh, Eduard"]
[Black "Yevseev, Denis"]
[Result "0-1"]
[WhiteElo "2404"]
[BlackElo "2529"]
[PlyCount "124"]
[EventDate "2009.05.08"]
[EventType "tourn"]
[EventRounds "11"]
[EventCountry "RUS"]
[EventCategory "11"]
[SourceTitle "CBM 130 Extra"]
[Source "ChessBase"]
[SourceDate "2009.07.02"]
[SourceVersion "2"]
[SourceVersionDate "2009.07.15"]
[SourceQuality "1"]

1. e4 c5 2. Nf3 Nc6 3. d4 cxd4 4. Nxd4 e5 5. Nb5 d6 6. c4 Be7 7. N1c3 a6 8. Na3 Be6 9. Nc2 Rc8 10. b3 Nf6 11. Be2 0-0 12. 0-0 b5 13. cxb5 axb5 14. Qd3 Qd7 15. Qxb5 Rfd8 16. Bb2 Qa7 17. Qa6 Qb8 18. Rac1 Bf8 19. Bc4 Nb4 20. Nxb4 Bxc4 21. bxc4 Qxb4 22. Qb5 Rxc4 23. Qxb4 Rxb4 24. Ba3 Rc4 25. f3 Ra8 26. Nb5 Rxc1 27. Rxc1 d5 28. Bxf8 Kxf8 29. exd5 Nxd5 30. Rc5 Nf4 31. Rc2 Ne6 32. Kf2 f6 33. Nd6 Ra6 34. Ne4 Ke7 35. Rb2 Ra7 36. Nc3 g5 37. Nd5+ Kf7 38. Nc3 Nc5 39. Ke2 h5 40. Nb5 Ra6 41. Rc2 Ne6 42. Rd2 Kg6 43. Kf2 g4 44. Rb2 gxf3 45. gxf3 h4 46. Nc3 Nf4 47. Ke3 Kf5 48. a4 Rc6 49. Rb3 Ne6 50. Nd5 Rc2 51. Rb6 Nf4 52. Nxf4 exf4+ 53. Kd3 Rxh2 54. Rb5+ Kg6 55. Ke4 Ra2 56. Rb4 h3 57. Kxf4 h2 58. Rb1 Rg2 59. Rh1 Kh5 60. Kf5 Kh4 61. Kxf6 Kg3 62. Ke6 Ra2 0-1